Statistics for Can You Name These 20 Random African Countries?

Click here to take the quiz!

General Stats

  • This quiz has been taken 1,913 times
  • The average score is 19 of 20

Answers on the Map

Answers color-coded by a green-red scale on the quiz's map according to % correct below.
 

Answer Stats

Country% Correct
Congo (Dem. Rep.)
100%
Egypt
100%
Ethiopia
99%
Libya
99%
Madagascar
99%
Morocco
99%
Niger
99%
Somalia
99%
Chad
98%
Lesotho
98%
South Africa
98%
Tunisia
98%
Algeria
97%
Kenya
97%
Nigeria
97%
Sudan
97%
Guinea-Bissau
96%
Angola
95%
Botswana
95%
Congo (Rep.)
95%
Mali
95%
Mozambique
95%
South Sudan
95%
Uganda
95%
Eritrea
94%
Gabon
94%
Ivory Coast
94%
Mauritius
94%
Rwanda
94%
Senegal
94%
Togo
94%
Zambia
94%
Zimbabwe
94%
Burundi
93%
Equatorial Guinea
93%
Guinea
93%
Burkina Faso
92%
Comoros
92%
Gambia
92%
Ghana
92%
Mauritania
92%
Namibia
92%
Cameroon
91%
Cape Verde
91%
Central African
Republic
91%
Eswatini
91%
Malawi
91%
Seychelles
91%
Tanzania
91%
Djibouti
90%
Sierra Leone
90%
Benin
89%
São Tomé and
Príncipe
89%
Liberia
88%

Score Distribution

Percentile by Number Answered

Percent of People with Each Score

Your Score History

You have not taken this quiz